| Tag |
First Indicator |
Second Indicator |
Subfields |
| LEADER |
00000nam a2200000 4500 |
| 001 |
in00004320708 |
| 005 |
20200812080807.0 |
| 006 |
m g d |
| 007 |
cr bn |||a|bb| |
| 008 |
950918s1688 ne o 00| | fre d |
| 035 |
|
|
|a (UnM)99830935
|
| 037 |
|
|
|a CL0037000082
|b ProQuest Information and Learning. 300 N. Zeeb Rd., Ann Arbor, MI 48106
|
| 040 |
|
|
|a Cu-RivES
|c Cu-RivES
|d CStRLIN
|e dcrb
|d WaOLN
|
| 245 |
1 |
3 |
|a Le triomphe de la liberté, ou L'Irrevocabilité du test & autres loix fondamentales des etats prouvée :
|b par le droit divin, par le droit naturel, par le droit de nation, & par la mort tragique de Charles Stuward pere du Roi regnant.
|
| 246 |
2 |
|
|a Le triomphe de lat liberté
|
| 246 |
2 |
|
|a L'Irrevocabilité du test & autres loix fondamentales des etats prouvée.
|
| 260 |
|
|
|a A Londres [id est Netherlands] :
|b traduit de L'Anglois,
|c M. DC. LXXXVIII. [1688]
|
| 300 |
|
|
|a 1 online resource (153, [1] pages)
|
| 336 |
|
|
|a text
|b txt
|2 rdacontent
|
| 337 |
|
|
|a computer
|b c
|2 rdamedia
|
| 338 |
|
|
|a online resource
|b cr
|2 rdacarrier
|
| 500 |
|
|
|a Place of publication from Wing.
|
| 500 |
|
|
|a Copy partially interleaved.
|
| 500 |
|
|
|a Reproduction of the original in the British Library.
|
| 510 |
4 |
|
|a Wing (2nd edition)
|c T2284B.
|
| 533 |
|
|
|a Electronic reproduction.
|b Ann Arbor, Mich. :
|c UMI,
|d 1999-
|f (Early English books online)
|n Digital version of: (Early English books, 1641-1700 ; 2083:10)
|7 s1999 miun s
|
| 600 |
0 |
0 |
|a Charles
|b II,
|c King of England,
|d 1630-1685
|v Early works to 1800.
|
| 651 |
|
4 |
|a Great Britain
|x History
|y Charles II, 1660-1685
|v Early works to 1800.
|
| 830 |
|
0 |
|a Early English books online.
|
| 856 |
4 |
0 |
|u http://proxy.library.tamu.edu/login?url=https://search.proquest.com/docview/2240856353
|z Connect to the full text of this electronic book
|t 0
|
| 999 |
f |
f |
|s 0e12b78e-e9a3-38ed-8192-ccfa906bdc15
|i 3984be82-69bd-3f20-b5e4-d008e792861f
|t 0
|
| 952 |
f |
f |
|a Texas A&M University
|b College Station
|c Electronic Resources
|d Available Online
|t 0
|h No information provided
|
| 998 |
f |
f |
|t 0
|l Available Online
|